Bydlení v souvislostech : vybrané kapitoly /

Hlavní autor: Kuta, Vítězslav, 1934-2022
Další autoři: Endel, Stanislav, 1986-
Jazyk: Čeština
Vydáno: Ostrava : Vysoká škola báňská - Technická univerzita Ostrava, 2018
Vydání: 1. vydání
Témata:
Fyzický popis: 242 stran : ilustrace (převážně barevné), mapy, plány ; 25 cm
Language note: České a anglické resumé
Knihy
Uloženo v:
LEADER 02179nam a2200589 i 4500
001 nkc20183061842
003 CZ PrNK
005 20210611085038.0
007 ta
008 181214s2018 xr abe f 000 0 cze
015 |a cnb003061842 
020 |a 978-80-248-4237-0  |q (brožováno) 
035 |a (OCoLC)1096289102 
040 |a OLA001  |b cze  |e rda 
041 0 |a cze  |b cze  |b eng 
043 |a e-xr--- 
072 7 |a 365  |x Požadavky na bydlení a jejich uspokojování  |2 Konspekt  |9 18 
080 |a 365  |2 MRF 
080 |a 728  |2 MRF 
080 |a 351.778.53  |2 MRF 
080 |a 351.778.5  |2 MRF 
080 |a (437.3)  |2 MRF 
080 |a (048.8)  |2 MRF 
100 1 |a Kuta, Vítězslav,  |d 1934-2022  |7 mzk2004148577  |4 aut 
245 1 0 |a Bydlení v souvislostech :  |b vybrané kapitoly /  |c Vítězslav Kuta, Stanislav Endel 
250 |a 1. vydání 
264 1 |a Ostrava :  |b Vysoká škola báňská - Technická univerzita Ostrava,  |c 2018 
300 |a 242 stran :  |b ilustrace (převážně barevné), mapy, plány ;  |c 25 cm 
336 |a text  |b txt  |2 rdacontent 
337 |a bez média  |b n  |2 rdamedia 
338 |a svazek  |b nc  |2 rdacarrier 
500 |a 150 výtisků 
504 |a Obsahuje bibliografii 
546 |a České a anglické resumé 
650 0 7 |a bydlení  |7 ph114212  |z Česko  |2 czenas 
650 0 7 |a obytné domy  |7 ph115537  |z Česko  |2 czenas 
650 0 7 |a bytová výstavba  |7 ph114214  |z Česko  |2 czenas 
650 0 7 |a bytová politika  |7 ph119053  |z Česko  |2 czenas 
650 0 9 |a housing  |z Czechia  |2 eczenas 
650 0 9 |a dwelling-houses  |z Czechia  |2 eczenas 
650 0 9 |a housing construction  |z Czechia  |2 eczenas 
650 0 9 |a housing policy  |z Czechia  |2 eczenas 
655 7 |a monografie  |7 fd132842  |2 czenas 
655 9 |a monographs  |2 eczenas 
700 1 |a Endel, Stanislav,  |d 1986-  |7 osd2015873425  |4 aut 
910 2 |a BOA001  |b 2-1424.389 
928 9 |a Vysoká škola báňská - Technická univerzita 
990 |a BK 
995 |a 01 
991 |b 201903  |c NOV 
996 6 |b 2610773763  |c 2-1424.389  |l MZK  |r Sklad / do 1 hodiny  |n 1  |p p.v.  |w 001711900  |u 000010  |a 1  |e BOA001  |j MZK50  |s P 
996 7 |b 2610870791  |c 2-1424.389  |l Vol.výběr  |r VV 0p  |n 2  |p kup  |h 36 KUT  |w 001711900  |u 000020  |a 0  |e BOA001  |j MZK50  |s A